| 000 | 00514cam a2200205ua 4500 | ||
|---|---|---|---|
| 001 | 3588 | ||
| 005 | 20260515113713.0 | ||
| 008 | 111121n ii |||gr||||Z||||||asm | ||
| 040 | _cMAIN | ||
| 082 | _a823 | ||
| 100 | _aDumer, Alexender, | ||
| 245 | 1 | 1 |
_aCount of montricrist _cby Alexender dumar |
| 250 | _a1st. | ||
| 260 |
_aDibrugarh: _bPurbanchal Prakashan,971. |
||
| 300 |
_a136p: _c23cm. |
||
| 653 | _aAssamese | ||
| 653 | _aCount of montricrist | ||
| 700 |
_aSabha Pandit, Tarun , _eEditor. |
||
| 942 | _cBK | ||
| 999 |
_c3427 _d3427 |
||